[Event "THE FAST & FURIOUS #6"]
[Site "SchemingMind.com"]
[Date "2015.08.02"]
[Round "-"]
[White "ray winteringham"]
[Black "emvarela"]
[Result "1/2-1/2"]
[WhiteCountry "ENG"]
[BlackCountry "ARG"]
[WhiteElo "1464"]
[WhiteRD "51"]
[BlackElo "1741"]
[BlackRD "50"]
[GameID "384112"]

1. e4 e5 2. Nf3 Nc6 3. Bc4 Bc5 4. O-O Nf6 5. d3 d6 6. h3 O-O 7. Bg5 h6 8. Bh4 Nd4 9. c3 Nxf3+ 10. Qxf3 g5
11. Bg3 Nh7 12. a4 Kg7 13. b4 Bb6 14. a5 Be6 15. axb6 axb6 16. Rxa8 Qxa8 17. Bxe6 fxe6 18. Qe2 c5 19. Qb2 Qa6 20. f3 Qxd3
21. Rd1 Qe3+ 22. Bf2 Qf4 23. Rxd6 cxb4 24. Rxe6 Rd8 25. Qc2 bxc3 26. Bxb6 Rd7 27. Nxc3 Rd2 28. Nd5 Rxc2 29. Nxf4 exf4 30. Re7+ Kg6
31. Re6+ Kh5 32. Re7 Nf6 33. Rxb7 Rb2 34. e5 Nd5 35. e6 Kg6 36. e7 Nxe7 37. Rxe7=
1/2-1/2

[Event "THE FAST & FURIOUS #6"]
[Site "SchemingMind.com"]
[Date "2015.08.09"]
[Round "-"]
[White "emvarela"]
[Black "Ramesh Panwar"]
[Result "0-1"]
[WhiteCountry "ARG"]
[BlackCountry "IND"]
[WhiteElo "1735"]
[WhiteRD "50"]
[BlackElo "2377"]
[BlackRD "57"]
[GameID "384238"]

1. e4 c5 2. Nf3 Nc6 3. d4 cxd4 4. Nxd4 e6 5. Nc3 Nf6 6. Nxc6 bxc6 7. Bg5 h6 8. Bxf6 Qxf6 9. a3 Rb8 10. Na4 d5
11. exd5 cxd5 12. b4 Bd7 13. Nc5 Bxc5 14. bxc5 Qc3+ 15. Ke2 Bb5+
0-1

[Event "THE FAST & FURIOUS #6"]
[Site "SchemingMind.com"]
[Date "2015.08.09"]
[Round "-"]
[White "Ramesh Panwar"]
[Black "emvarela"]
[Result "1-0"]
[WhiteCountry "IND"]
[BlackCountry "ARG"]
[WhiteElo "2377"]
[WhiteRD "57"]
[BlackElo "1735"]
[BlackRD "50"]
[GameID "384239"]

1. d4 Nf6 2. c4 e6 3. Nc3 Bb4 4. Bg5 O-O 5. e3 Bxc3+ 6. bxc3 h6 7. Bh4 g5 8. Bg3 d6 9. Bd3 Nc6 10. Nf3 e5
11. Nd2 exd4 12. cxd4 Nb4 13. Bb1 Qe7 14. h4 c5 15. hxg5 hxg5 16. dxc5 dxc5 17. Qc1 Be6 18. Qc3 Nc6 19. Bd6
1-0

[Event "THE FAST & FURIOUS #6"]
[Site "SchemingMind.com"]
[Date "2015.08.04"]
[Round "-"]
[White "ray winteringham"]
[Black "Ramesh Panwar"]
[Result "0-1"]
[WhiteCountry "ENG"]
[BlackCountry "IND"]
[WhiteElo "1499"]
[WhiteRD "50"]
[BlackElo "2377"]
[BlackRD "57"]
[GameID "384240"]

1. e4 c5 2. Nc3 Nc6 3. Bb5 d6 4. Bxc6+ bxc6 5. d3 Nf6 6. h3 e5 7. Bg5 h6 8. Bh4 Rb8 9. Rb1 g5 10. Bg3 h5
11. h4 g4 12. f3 Bh6 13. Qe2 Be6 14. b3 Qa5 15. b4 cxb4 16. Qf2 O-O 17. Nce2 b3+ 18. Kf1 bxa2 19. Ra1 Rb1+
0-1

[Event "THE FAST & FURIOUS #6"]
[Site "SchemingMind.com"]
[Date "2015.08.04"]
[Round "-"]
[White "Ramesh Panwar"]
[Black "ray winteringham"]
[Result "1-0"]
[WhiteCountry "IND"]
[BlackCountry "ENG"]
[WhiteElo "2377"]
[WhiteRD "57"]
[BlackElo "1499"]
[BlackRD "50"]
[GameID "384241"]

1. e4 c5 2. Nf3 d6 3. d4 cxd4 4. Nxd4 e5 5. Bb5+ Bd7 6. Bxd7+ Nxd7 7. Nf5 Nc5 8. Nc3 g6 9. Ne3 Bg7 10. Nc4 Ne7
11. Nxd6+ Kf8 12. O-O Qb6 13. Be3 Rd8 14. Ncb5 Nc8 15. Qd5 Ne7 16. Qxf7#
1-0

[Event "THE FAST & FURIOUS #6"]
[Site "SchemingMind.com"]
[Date "2015.08.11"]
[Round "-"]
[White "Quaff"]
[Black "emvarela"]
[Result "0-1"]
[WhiteCountry "ENG"]
[BlackCountry "ARG"]
[WhiteElo "1620"]
[WhiteRD "69"]
[BlackElo "1722"]
[BlackRD "46"]
[GameID "384351"]

1. e4 e5 2. Nf3 Nc6 3. Bc4 Bc5 4. c3 d6 5. b4 Bb6 6. a4 a6 7. a5 Ba7 8. d3 h6 9. Be3 Bxe3 10. fxe3 Nf6
11. O-O O-O 12. Nbd2 b5 13. Bb3 Qe7 14. h3 Be6 15. Nh2 Bxb3 16. Nxb3 Nd7 17. Ng4 Qg5 18. Qe2 f5 19. exf5 Rxf5 20. e4 Rxf1+
21. Rxf1 Rf8 22. Rf2 Rxf2 23. Qxf2 Nf6 24. Nxf6+ gxf6 25. Kh1= Kg7 26. Kg1 Kg6 27. h4 Qg4 28. Nd2 Ne7 29. Nf3 Qf4 30. Nd2 Qxf2+
31. Kxf2 f5 32. Kf3 f4 33. g3 fxg3 34. Kxg3 Kh5 35. Nf1 Ng6 36. Ne3 Nf4 37. Nd5 Ne6 38. Kh3 c6 39. Ne7 c5 40. bxc5 dxc5
41. Nc6 Nf4+ 42. Kg3 Nxd3 43. Nb8 b4 44. cxb4 cxb4 45. Nxa6 b3
0-1

[Event "THE FAST & FURIOUS #6"]
[Site "SchemingMind.com"]
[Date "2015.08.11"]
[Round "-"]
[White "emvarela"]
[Black "Quaff"]
[Result "1/2-1/2"]
[WhiteCountry "ARG"]
[BlackCountry "ENG"]
[WhiteElo "1741"]
[WhiteRD "50"]
[BlackElo "1636"]
[BlackRD "70"]
[GameID "384352"]

1. e4 e5 2. Nf3 d6 3. d4 exd4 4. Nxd4 Nf6 5. Nc3 Be7 6. Bc4 Bd7 7. Be3 Nc6 8. Nxc6 Bxc6 9. Qd3 a6 10. O-O-O b5
11. Bd5 Bxd5 12. Nxd5 Nxd5 13. Qxd5 O-O 14. f4 Kh8 15. e5 dxe5 16. Qxd8 Rfxd8 17. fxe5 Rxd1+ 18. Rxd1 Rd8 19. Rxd8+ Bxd8 20. g4 h6
21. a3 c6=
1/2-1/2

[Event "THE FAST & FURIOUS #6"]
[Site "SchemingMind.com"]
[Date "2015.08.06"]
[Round "-"]
[White "Quaff"]
[Black "ray winteringham"]
[Result "0-1"]
[WhiteCountry "ENG"]
[BlackCountry "ENG"]
[WhiteElo "1640"]
[WhiteRD "66"]
[BlackElo "1499"]
[BlackRD "50"]
[GameID "384353"]

1. e4 e5 2. Nf3 d6 3. Bc4 Be7 4. c3 Nf6 5. d3 a6 6. a4 Bd7 7. Be3 h6 8. Nbd2 c5 9. Qb3 b6 10. Bxf7+ Kf8
11. Bg6 Be8 12. Bxe8 Qxe8 13. Nc4 Nbd7 14. Nxb6 Nxb6 15. Qxb6 Nd7 16. Qb3 Rb8 17. Qc2 Nf6 18. h3 Kf7 19. Nh2 h5 20. f4 exf4
21. Bxf4 g6 22. O-O Kg7 23. Bg5 Nh7 24. Bxe7 Qxe7 25. Nf3 Rb7 26. c4 Rhb8 27. Rab1 Qf6 28. Nd2 Qd4+ 29. Kh1 Rxb2 30. Rxb2 Rxb2
31. Qd1 Qxd3 32. Rf2 Kg8 33. Qe2 Qa3 34. Kg1 Qxa4 35. Qf3 Qd7 36. e5 dxe5 37. Qa8+ Kg7 38. Qe4 Rxd2 39. Qxe5+ Kg8 40. Qxc5 Rxf2
41. Kxf2 Qd8 42. Qc6 Qf6+
0-1

[Event "THE FAST & FURIOUS #6"]
[Site "SchemingMind.com"]
[Date "2015.08.06"]
[Round "-"]
[White "ray winteringham"]
[Black "Quaff"]
[Result "1-0"]
[WhiteCountry "ENG"]
[BlackCountry "ENG"]
[WhiteElo "1499"]
[WhiteRD "50"]
[BlackElo "1640"]
[BlackRD "66"]
[GameID "384354"]

1. e4 e5 2. Nf3 d6 3. h3 Nf6 4. Nc3 Be7 5. Bc4 Nc6 6. d3 h6 7. a3 a6 8. Be3 b5 9. Bd5 Nxd5 10. Nxd5 Na5
11. O-O c6 12. Bb6 Qxb6 13. Nxb6 Rb8 14. Nxc8 Rxc8 15. Qd2
1-0

[Event "THE FAST & FURIOUS #6"]
[Site "SchemingMind.com"]
[Date "2015.08.07"]
[Round "-"]
[White "Quaff"]
[Black "Ramesh Panwar"]
[Result "0-1"]
[WhiteCountry "ENG"]
[BlackCountry "IND"]
[WhiteElo "1640"]
[WhiteRD "66"]
[BlackElo "2377"]
[BlackRD "57"]
[GameID "384355"]

1. e4 c5 2. f4 e6 3. Nf3 Nc6 4. Bb5 Nge7 5. c3 a6 6. Bxc6 Nxc6 7. d3 Be7 8. O-O O-O 9. Be3 b6 10. Nbd2 d5
11. e5 a5 12. d4 Ba6 13. Re1 Rc8 14. Nf1 Qd7 15. Ng3 Rfe8 16. Ng5 cxd4 17. cxd4 h6 18. Nh3 Nb4 19. Nh5 Nc2 20. Nxg7 Kxg7
21. Qg4+ Kh7 22. Ng5+ hxg5 23. fxg5 Kg6 24. Rf1 Bxf1
0-1

[Event "THE FAST & FURIOUS #6"]
[Site "SchemingMind.com"]
[Date "2015.08.07"]
[Round "-"]
[White "Ramesh Panwar"]
[Black "Quaff"]
[Result "1-0"]
[WhiteCountry "IND"]
[BlackCountry "ENG"]
[WhiteElo "2377"]
[WhiteRD "57"]
[BlackElo "1640"]
[BlackRD "66"]
[GameID "384356"]

1. d4 c6 2. e4 e6 3. Nc3 d6 4. Nf3 h6 5. Bd3 Be7 6. e5 d5 7. O-O Bb4 8. Ne2 g5 9. Nd2 f5 10. Re1 Qe7
11. c3 Ba5 12. b4 Bc7 13. c4 Qg7 14. cxd5 exd5 15. Ng3 Ne7 16. Nh5 Qg6 17. Nf6+ Kf7 18. Qe2 Be6 19. Nb3 b6 20. Ba3 Nd7
21. Nxd7 Bxd7 22. b5 Be6 23. bxc6 g4 24. Qc2 h5 25. Nc1 h4 26. Ne2 g3 27. fxg3 hxg3 28. h3 Qg5 29. Bc1 Qg7 30. Rf1 Rh5
31. Rf3 Rah8 32. Nxg3 Rxh3 33. gxh3 Rxh3 34. Qg2 Rh7 35. Nxf5 Qh8 36. Nd6#
1-0

[Event "THE FAST & FURIOUS #6"]
[Site "SchemingMind.com"]
[Date "2015.08.09"]
[Round "-"]
[White "Quaff"]
[Black "frankly"]
[Result "0-1"]
[WhiteCountry "ENG"]
[BlackCountry "ENG"]
[WhiteElo "1640"]
[WhiteRD "66"]
[BlackElo "2460"]
[BlackRD "56"]
[GameID "384765"]

1. e4 c5 2. f4 e6 3. Nf3 d5 4. e5 Nc6 5. Bb5 Bd7 6. Bxc6 Bxc6 7. O-O Nh6 8. d3 Nf5 9. Nc3 h5 10. Ng5 h4
11. Qg4 c4 12. Nxe6 Qb6+ 13. Kh1 Ng3+
0-1

[Event "THE FAST & FURIOUS #6"]
[Site "SchemingMind.com"]
[Date "2015.08.09"]
[Round "-"]
[White "frankly"]
[Black "Quaff"]
[Result "1-0"]
[WhiteCountry "ENG"]
[BlackCountry "ENG"]
[WhiteElo "2460"]
[WhiteRD "56"]
[BlackElo "1640"]
[BlackRD "66"]
[GameID "384766"]

1. d4 c6 2. e4 d6 3. Nf3 Bg4 4. h3 Bh5 5. Nc3 e6 6. Bd3 Be7 7. Qe2 Nf6 8. Bf4 h6 9. O-O-O b5 10. e5 dxe5
11. dxe5 Nd5 12. Nxd5 exd5 13. e6 f6 14. g4 Qa5 15. gxh5 Qxa2 16. Bg6+ Kf8 17. Bd6 Na6 18. Nh4 Qa1+ 19. Kd2 Qa5+ 20. c3 Bxd6
21. e7+ Bxe7 22. Qe6
1-0

[Event "THE FAST & FURIOUS #6"]
[Site "SchemingMind.com"]
[Date "2015.08.12"]
[Round "-"]
[White "emvarela"]
[Black "frankly"]
[Result "0-1"]
[WhiteCountry "ARG"]
[BlackCountry "ENG"]
[WhiteElo "1735"]
[WhiteRD "50"]
[BlackElo "2460"]
[BlackRD "56"]
[GameID "384767"]

1. e4 c5 2. Nf3 Nc6 3. d4 cxd4 4. Nxd4 Nf6 5. Nc3 e5 6. Nb3 Bb4 7. Bd3 d5 8. Bd2 d4 9. Ne2 O-O 10. a3 Be7
11. O-O Be6 12. c3 dxc3 13. Bxc3 Bxb3
0-1

[Event "THE FAST & FURIOUS #6"]
[Site "SchemingMind.com"]
[Date "2015.08.12"]
[Round "-"]
[White "frankly"]
[Black "emvarela"]
[Result "1-0"]
[WhiteCountry "ENG"]
[BlackCountry "ARG"]
[WhiteElo "2463"]
[WhiteRD "57"]
[BlackElo "1741"]
[BlackRD "50"]
[GameID "384768"]

1. d4 Nf6 2. Nf3 d5 3. c4 c6 4. Nc3 e6 5. e3 Nbd7 6. Bd3 Bb4 7. O-O Bxc3 8. bxc3 O-O 9. Bb2 dxc4 10. Bxc4 Nb6
11. Bb3 Qc7 12. Re1 Rd8 13. e4 c5 14. a4 c4 15. Bc2 h6 16. e5 Nfd5 17. a5 Nd7 18. Nd2 b5 19. axb6 N7xb6 20. Ne4 f5
21. exf6 Nxf6 22. Nxf6+ gxf6 23. Re3 Rd5 24. h4 Qf7 25. Rg3+ Kh8 26. Rg6 Qf8 27. Ba3
1-0

[Event "THE FAST & FURIOUS #6"]
[Site "SchemingMind.com"]
[Date "2015.08.09"]
[Round "-"]
[White "ray winteringham"]
[Black "frankly"]
[Result "0-1"]
[WhiteCountry "ENG"]
[BlackCountry "ENG"]
[WhiteElo "1499"]
[WhiteRD "50"]
[BlackElo "2460"]
[BlackRD "56"]
[GameID "384769"]

1. e4 c5 2. Nf3 Nc6 3. c4 e5 4. d3 Be7 5. Be2 d6 6. O-O f5 7. Nc3 Nf6 8. h3 O-O 9. Be3 Rb8 10. a3 Nd4
11. b4 b6 12. b5 Qe8 13. a4 fxe4 14. Nxe4 Nxe4 15. dxe4 Qg6 16. Kh2 Nxe2 17. Qxe2 Qxe4 18. Rae1 Bb7 19. Rg1 Qf5 20. Ref1 Ra8
21. Nd2 a6 22. g4 Qe6 23. f3 axb5 24. axb5 d5 25. Bf2 Ra2 26. Ra1 Rfa8 27. Rac1 R8a3 28. f4 Qh6 29. Rg3 Qxf4 30. Rd1 Bh4
31. Qe1 d4 32. g5 Rxg3 33. Bxg3 Qf3 34. Qg1 Rxd2+ 35. Rxd2 Bxg3+
0-1

[Event "THE FAST & FURIOUS #6"]
[Site "SchemingMind.com"]
[Date "2015.08.09"]
[Round "-"]
[White "frankly"]
[Black "ray winteringham"]
[Result "1-0"]
[WhiteCountry "ENG"]
[BlackCountry "ENG"]
[WhiteElo "2460"]
[WhiteRD "56"]
[BlackElo "1499"]
[BlackRD "50"]
[GameID "384770"]

1. d4 d5 2. Nf3 Bg4 3. Ne5 Nf6 4. Nxg4 Nxg4 5. e4 c6 6. Qxg4 g6 7. Nc3 Bg7 8. Be3 e6 9. h4 Nd7 10. h5 Nf6
11. Qh3 Nxh5 12. e5 Bf8 13. O-O-O Qe7 14. g4 Ng7 15. Bh6 O-O-O 16. Qe3 f5 17. exf6 Qxf6 18. Bg5 Qf7 19. Bxd8 Kxd8 20. Bd3 Bd6
21. Kb1 Kc7 22. Rh6 Ne8 23. Bxg6 Qf6 24. Bxe8
1-0

[Event "THE FAST & FURIOUS #6"]
[Site "SchemingMind.com"]
[Date "2015.08.09"]
[Round "-"]
[White "frankly"]
[Black "Ramesh Panwar"]
[Result "1/2-1/2"]
[WhiteCountry "ENG"]
[BlackCountry "IND"]
[WhiteElo "2460"]
[WhiteRD "56"]
[BlackElo "2377"]
[BlackRD "57"]
[GameID "384771"]

1. d4 Nf6 2. Nf3 d5 3. c4 e6 4. Bg5 Be7 5. Nc3 O-O 6. e3 h6 7. Bxf6 Bxf6 8. Rc1 a6 9. cxd5 exd5 10. Bd3 c6
11. O-O Nd7 12. Re1 Nb6 13. h3 Re8 14. e4 dxe4 15. Nxe4 Bf5 16. Qb3 Bxe4 17. Bxe4 Re7 18. h4 Qc7 19. Bb1 Nd7 20. Rxe7 Bxe7
21. a3 Bd6 22. Ba2 Nf6 23. Re1 Rd8 24. Ne5 Nd5 25. Qc2 Re8 26. Qf5 g6 27. Qe4 Qa5 28. Re2 Kg7 29. g3 Re7 30. h5 Qc7
31. hxg6 f6 32. f4 Bxa3 33. Rf2 Bb4 34. Bxd5 cxd5 35. Qxd5 Qd6 36. Qxd6 Bxd6 37. Nf7 Rd7 38. f5 Bxg3 39. Re2 Bf4 40. Kg2 Rxd4
41. Re7 Kf8 42. Rxb7 h5 43. Kf3 Bg5= 44. Rb8+ Kg7 45. Ke2 Rd2+ 46. Ke1 Rd5 47. Nxg5 Rxf5 48. Nh3 Kxg6 49. Kd1 Re5 50. Nf2 Kf5
51. Nd3 Rb5 52. Rg8 h4 53. Kd2=
1/2-1/2

[Event "THE FAST & FURIOUS #6"]
[Site "SchemingMind.com"]
[Date "2015.08.09"]
[Round "-"]
[White "Ramesh Panwar"]
[Black "frankly"]
[Result "0-1"]
[WhiteCountry "IND"]
[BlackCountry "ENG"]
[WhiteElo "2377"]
[WhiteRD "57"]
[BlackElo "2460"]
[BlackRD "56"]
[GameID "384772"]

1. e4 c5 2. Nf3 Nc6 3. Bb5 e6 4. O-O Nge7 5. d4 cxd4 6. Nxd4 Qb6 7. Nxc6 bxc6 8. Be2 Ng6 9. c4 Be7 10. Nc3 c5
11. Rb1 O-O 12. Be3 Qc7 13. f4 a6 14. a3 Bb7 15. g3 Rab8 16. b4 f5 17. exf5 cxb4 18. axb4 Rxf5 19. Bd3 Qc6 20. Ne4 Ba8
21. g4 Rff8 22. c5 Kh8 23. Qd2 e5 24. f5 Nf4 25. Bxf4 exf4 26. Rxf4 d6 27. cxd6 Bxd6 28. Nxd6 Qxd6 29. Qe3 Rbd8 30. Be4 Qd4
31. Qxd4 Rxd4 32. b5 axb5 33. Rxb5 Bxe4 34. Re5 Rd1+ 35. Rf1 Rxf1+ 36. Kxf1 Bc6 37. Kf2 g6 38. Kg3 gxf5 39. gxf5 Kg7 40. Re7+ Rf7
41. Re5 Bb7 42. Kf4 Rc7 43. Re8 Ba6
0-1

[Event "THE FAST & FURIOUS #6"]
[Site "SchemingMind.com"]
[Date "2015.08.11"]
[Round "-"]
[White "Quaff"]
[Black "Arthur Wilding"]
[Result "1-0"]
[WhiteCountry "ENG"]
[BlackCountry "WLS"]
[WhiteElo "1640"]
[WhiteRD "66"]
[BlackElo "1253"]
[BlackRD "70"]
[GameID "385843"]

1. e4 e5 2. Nf3 d6 3. Bc4 Nf6 4. d3 Bg4 5. c3 Nc6 6. Qb3 Qd7 7. Bxf7+ Qxf7 8. Qxb7 Rd8 9. Qxc6+ Nd7 10. Qxc7 Bxf3
11. gxf3 Be7 12. Nd2 O-O 13. Qxa7 Nf6 14. b3 Ra8 15. Qe3 Nd7 16. Bb2 Ra6 17. h4 h6 18. c4 Rfa8 19. a4 Nf6 20. f4 Rb8
21. f5 Nd7 22. f4 Rc6 23. fxe5 dxe5 24. Rb1 Rf8 25. Nf3 Bf6 26. Ke2 Be7 27. Bxe5 Rc5 28. Bd4 Rcc8 29. Rhg1 Rcd8 30. Rxg7+ Qxg7
31. Bxg7 Kxg7 32. Rg1+ Kf7 33. Qxh6 Bf6 34. Ng5+ Ke7 35. Qh5 Bxg5 36. hxg5 Rb8 37. f6+ Ke6 38. Qh7 Rxb3 39. Qe7#
1-0

[Event "THE FAST & FURIOUS #6"]
[Site "SchemingMind.com"]
[Date "2015.08.11"]
[Round "-"]
[White "Arthur Wilding"]
[Black "Quaff"]
[Result "0-1"]
[WhiteCountry "WLS"]
[BlackCountry "ENG"]
[WhiteElo "1253"]
[WhiteRD "70"]
[BlackElo "1640"]
[BlackRD "66"]
[GameID "385844"]

1. d4 c6 2. e3 d5 3. Nf3 Bg4 4. Be2 Nf6 5. h3 Bxf3 6. Bxf3 e6 7. Nc3 Bb4 8. Bd2 Nbd7 9. a3 Bxc3 10. Bxc3 O-O
11. O-O Ne4 12. Bxe4 dxe4 13. f3 exf3 14. Rxf3 f5 15. Bb4 Rf7 16. Bc3 Nf6 17. a4 Qc7 18. Ra3 Ne4 19. Qd3 Rd8 20. a5 Qe7
21. Rf1 c5 22. Rb1 cxd4 23. Ra4 dxc3 24. Qe2 cxb2 25. Rc4 Rff8 26. Rxb2 Rd5 27. Ra4 Rfd8 28. a6 Rd1+ 29. Kh2 Qd6+ 30. g3 Rd2
31. Qxd2 Qxd2+ 32. Kh1 Qe1+ 33. Kh2 Rd2#
0-1

[Event "THE FAST & FURIOUS #6"]
[Site "SchemingMind.com"]
[Date "2015.08.12"]
[Round "-"]
[White "emvarela"]
[Black "Arthur Wilding"]
[Result "1-0"]
[WhiteCountry "ARG"]
[BlackCountry "WLS"]
[WhiteElo "1741"]
[WhiteRD "50"]
[BlackElo "1234"]
[BlackRD "74"]
[GameID "385845"]

1. e4 e5 2. Nf3 d6 3. d4 exd4 4. Nxd4 Nf6 5. Nc3 Bg4 6. f3 Bd7 7. Bc4 Nc6 8. Nxc6 Bxc6 9. Bg5 Be7 10. Bxf6 Bxf6
11. Qd2 O-O 12. O-O-O Bxc3 13. Qxc3 Qg5+ 14. Kb1 a5 15. g3 h6 16. Bd5 Bxd5 17. Rxd5 Qe7 18. Rxa5 Qd7 19. Rxa8 Rxa8 20. Rd1 Qa4
21. a3 Rc8 22. Rd4 Qd7 23. e5 Qb5 24. exd6 Qd7 25. dxc7 Qxc7 26. Qxc7 Rxc7 27. c4 Re7 28. Kc2 Re2+ 29. Rd2 Rxd2+ 30. Kxd2 Kf8
31. Kd3 Ke7 32. b4 Kd6 33. Kd4 f6 34. c5+ Kc6 35. a4 g5 36. b5+ Kc7 37. Kd5 f5 38. a5 h5 39. a6 Kb8 40. axb7 Kxb7
41. b6 f4 42. gxf4 gxf4 43. h4 Kb8 44. Kd6 Kc8 45. c6 Kb8 46. b7 Ka7 47. Kc7 Ka6 48. b8=Q
1-0

[Event "THE FAST & FURIOUS #6"]
[Site "SchemingMind.com"]
[Date "2015.08.12"]
[Round "-"]
[White "Arthur Wilding"]
[Black "emvarela"]
[Result "0-1"]
[WhiteCountry "WLS"]
[BlackCountry "ARG"]
[WhiteElo "1234"]
[WhiteRD "74"]
[BlackElo "1741"]
[BlackRD "50"]
[GameID "385846"]

1. d4 d5 2. e3 Nf6 3. Nc3 e6 4. Nf3 Bb4 5. Bb5+ Bd7 6. Bxd7+ Nbxd7 7. O-O Bxc3 8. bxc3 O-O 9. Ne5 Nxe5 10. Bd2 Ng6
11. Re1 Ne4 12. a4 c5 13. a5 Nxd2 14. Qxd2 Qc7 15. dxc5 Qxc5 16. a6 b6 17. Re2 Rac8 18. Qd4 Qxc3 19. Qxc3 Rxc3 20. g3 Rfc8
21. Ra2 Ne5 22. Kg2 Nc6 23. Kf1 Nb4 24. Rb2 Nxa6 25. Ke1 Nc5 26. h4 Na4 27. Ra2 b5 28. Kf1 h6 29. f4 Nc5 30. Rxa7 Ne4
31. Kg2 Rxc2 32. Rxc2 Rxc2+ 33. Kh3 b4 34. Rb7 Rb2 35. Rb8+ Kh7 36. Rf8 h5 37. Rxf7 Nf2+ 38. Kh2 Ng4+ 39. Kh3 Rh2#
0-1

[Event "THE FAST & FURIOUS #6"]
[Site "SchemingMind.com"]
[Date "2015.08.11"]
[Round "-"]
[White "Arthur Wilding"]
[Black "ray winteringham"]
[Result "0-1"]
[WhiteCountry "WLS"]
[BlackCountry "ENG"]
[WhiteElo "1253"]
[WhiteRD "70"]
[BlackElo "1499"]
[BlackRD "50"]
[GameID "385847"]

1. d4 d5 2. e3 Bf5 3. Nc3 e6 4. Bb5+ c6 5. Be2 Bd6 6. Nf3 Nf6 7. O-O h6 8. Ne5 Bxe5 9. dxe5 Nfd7 10. Bd2 Nxe5
11. a4 a5 12. Bd3 Bxd3 13. Qh5 Bxf1 14. Qxe5 Bxg2 15. Qxg7 Ke7 16. Qd4 Rg8 17. Qh4+ Kd7 18. Qxd8+ Kxd8 19. f4 Be4+ 20. Kf1 Bxc2
21. Ne2 Bd3 22. Kf2 Bxe2 23. Kxe2 Rg2+ 24. Kd3 Rxh2 25. Rg1 Ke7 26. Rg8 h5 27. Bc3 h4 28. Rc8 Kd7 29. Rf8 f5 30. Rf7+ Kc8
31. Rf8+ Kd7 32. Rf7+ Ke8 33. Rh7 Rg2 34. Rxh4 Rg8 35. Rh6 Kd7 36. Rh7+ Kc8 37. Be5 Nd7 38. Re7 Nxe5+ 39. Ke2 Re8 40. Rxe8+ Kc7
41. Rxa8 Ng4 42. Rxa5 Kb6 43. Ra8 Kc5 44. Kf3 b6 45. b3 Kb4 46. Ke2 Kc5 47. Kf3 Nf6 48. a5 bxa5 49. Rxa5+ Kb4 50. Ra6 Kb5
51. Ra8 c5 52. Rf8 Nd7 53. Rd8 Kc6 54. Rh8 Kd6 55. Rd8 Kc6 56. Ra8 Nb6 57. Re8 Kd6 58. Rh8 d4 59. exd4 cxd4 60. Rh1 Kd5
61. b4 Nc4 62. Rb1 Nd2+ 63. Ke2 Nxb1 64. Kd3 Nc3 65. Kc2 Ke4 66. Kd2 Kxf4 67. Kd3 e5 68. Kc4 Ke4 69. Kb3 f4 70. Kc2 Ke3
71. Kc1 f3 72. b5 f2 73. b6 f1=Q+ 74. Kb2 Na4+ 75. Ka3 Nxb6
0-1

[Event "THE FAST & FURIOUS #6"]
[Site "SchemingMind.com"]
[Date "2015.08.12"]
[Round "-"]
[White "ray winteringham"]
[Black "Arthur Wilding"]
[Result "1-0"]
[WhiteCountry "ENG"]
[BlackCountry "WLS"]
[WhiteElo "1499"]
[WhiteRD "50"]
[BlackElo "1253"]
[BlackRD "70"]
[GameID "385848"]

1. e4 e5 2. Bc4 d6 3. Nf3 Be6 4. Qe2 Bxc4 5. Qxc4 Nf6 6. Nc3 Nc6 7. Qe2 Nd4 8. Qd3 Nxf3+ 9. Qxf3 Qe7 10. d3 O-O-O
11. Be3 Kb8 12. Nb5 b6 13. O-O Nd7 14. c4 a6 15. Nc3 h6 16. Nd5 Qe8 17. Qd1 h5 18. a4 g6 19. Qb3 Bh6 20. Bxh6 Qe6
21. Be3 Nc5 22. Bxc5 dxc5 23. a5 Qd6 24. axb6 c6 25. Nc7 h4 26. Rxa6 h3 27. g3 Kb7 28. Rfa1 Kc8 29. Ra8+ Kd7 30. Rxd8+ Ke7
31. Rxh8 Qf6 32. Qd1 Qd6 33. b7
1-0

[Event "THE FAST & FURIOUS #6"]
[Site "SchemingMind.com"]
[Date "2015.08.11"]
[Round "-"]
[White "Arthur Wilding"]
[Black "frankly"]
[Result "0-1"]
[WhiteCountry "WLS"]
[BlackCountry "ENG"]
[WhiteElo "1253"]
[WhiteRD "70"]
[BlackElo "2460"]
[BlackRD "56"]
[GameID "385849"]

1. d4 Nf6 2. e3 d5 3. Nc3 c5 4. dxc5 e5 5. Bb5+ Bd7 6. Nf3 Bxb5 7. a4 Ba6 8. Nxe5 Bxc5 9. Nd3 Qc7 10. O-O Bd6
11. g3 O-O 12. Ne2 Nbd7 13. Re1 Ne4 14. Nd4 Rfe8 15. Re2 Ne5 16. Nb5 Nf3+ 17. Kh1 Qc8 18. Nxd6 Qh3 19. Qg1 Nxg1 20. Nf4 Qf1
21. h4 Nf3#
0-1

[Event "THE FAST & FURIOUS #6"]
[Site "SchemingMind.com"]
[Date "2015.08.11"]
[Round "-"]
[White "frankly"]
[Black "Arthur Wilding"]
[Result "1-0"]
[WhiteCountry "ENG"]
[BlackCountry "WLS"]
[WhiteElo "2460"]
[WhiteRD "56"]
[BlackElo "1253"]
[BlackRD "70"]
[GameID "385850"]

1. d4 d5 2. Nf3 Nf6 3. c4 Bf5 4. cxd5 Qxd5 5. Nc3 Qc6 6. e4 Bg4 7. Bb5 Nfd7 8. Bxc6 Nxc6 9. Qb3 Nb6 10. d5 Bxf3
11. dxc6 Bh5 12. cxb7 Rb8 13. Qb5+ Nd7 14. Nd5 e6 15. Nxc7+ Kd8 16. Na6 Bd6 17. Nxb8 Bxb8 18. Qxh5 Nf6 19. Qxf7 Rg8 20. Bg5 Re8
21. Rd1+ Bd6 22. b8=Q#
1-0

[Event "THE FAST & FURIOUS #6"]
[Site "SchemingMind.com"]
[Date "2015.08.11"]
[Round "-"]
[White "Arthur Wilding"]
[Black "Ramesh Panwar"]
[Result "0-1"]
[WhiteCountry "WLS"]
[BlackCountry "IND"]
[WhiteElo "1253"]
[WhiteRD "70"]
[BlackElo "2377"]
[BlackRD "57"]
[GameID "385851"]

1. d4 Nf6 2. e3 d5 3. Nf3 e6 4. Nc3 Be7 5. Bb5+ Bd7 6. O-O Bxb5 7. Re1 Ba6 8. Ne5 O-O 9. Bd2 c5 10. a4 Nc6
11. Nxc6 bxc6 12. dxc5 Bxc5 13. Ne2 Ne4 14. b4 Bd6 15. c3 Bxh2+ 16. Kxh2 Nxf2 17. Qb1 Qh4+ 18. Kg1 Bd3 19. Qc1 Ng4 20. g3 Qh2+
21. Kf1 Qh1#
0-1

[Event "THE FAST & FURIOUS #6"]
[Site "SchemingMind.com"]
[Date "2015.08.11"]
[Round "-"]
[White "Ramesh Panwar"]
[Black "Arthur Wilding"]
[Result "1-0"]
[WhiteCountry "IND"]
[BlackCountry "WLS"]
[WhiteElo "2377"]
[WhiteRD "57"]
[BlackElo "1253"]
[BlackRD "70"]
[GameID "385852"]

1. c4 Nf6 2. d4 d5 3. Nf3 Bf5 4. cxd5 Bxb1 5. Qa4+ Qd7 6. Qxd7+ Nbxd7 7. Rxb1 O-O-O 8. Ng5 Rg8 9. Nxf7 Re8 10. g3 Nxd5
11. e4 Nb4 12. Bc4 Nc6 13. Be3 Na5 14. Be6 Nc6 15. d5 Ne5 16. Nxe5 Rh8 17. Bxd7+ Kb8 18. Bxe8 Kc8 19. Bd7+ Kb8 20. Be6 h5
21. Ng6 Rh7 22. Nxf8 Rh8 23. Nd7+ Ka8 24. Rc1 a5 25. Rxc7
1-0

[Event "THE FAST & FURIOUS #6"]
[Site "SchemingMind.com"]
[Date "2015.08.13"]
[Round "-"]
[White "grabapawn"]
[Black "Quaff"]
[Result "1-0"]
[WhiteCountry "USA"]
[BlackCountry "ENG"]
[WhiteElo "1585"]
[WhiteRD "66"]
[BlackElo "1640"]
[BlackRD "66"]
[GameID "385931"]

1. e4 e5 2. Nf3 d6 3. Nc3 Nf6 4. Bc4 Be7 5. d4 exd4 6. Nxd4 Bd7 7. Bf4 h6 8. Qf3 c6 9. O-O-O b5 10. Bb3 a5
11. a3 b4 12. Na2 bxa3 13. bxa3 a4 14. Bc4 d5 15. exd5 Bg4 16. Qe3 cxd5 17. Bb5+ Nfd7 18. Rde1 Be6 19. Nxe6 fxe6 20. Qxe6 Na6
21. Be2 Nac5 22. Bh5+
1-0